000 00410nam a2200169Ia 4500
008 131103s9999 xx 000 0 und d
020 _a0 87040 648 5
040 _aLoreto College
041 _aEnglish
082 _aREF
_bLCBED/9653
245 _aJoyful stuffed dolls & animals
260 _aTokyo
_bONDORI
_c1985
300 _a111P.
_b ILL.
_c 23CM.
650 _aREF
850 _aLCBED/REF
942 _cBK
999 _c34053
_d84532